000
00455nam a2200145Ia 4500
008
100122s9999 xx 000 0 und d
082
_b
274
_a
822
100
_a
गद्रे अ ह
245
_a
स्वराज्य सुंदरी
260
_b
प्रकाशक शोधणे
_c
1924
300
_a
55
630
_a
स्वराज्य सुंदरी
730
_a
स्वराज्य सुंदरी
942
_c
BOOK
999
_c
395460
_d
395457